All countries by Area - as you proceed you are given starting letter as hint - Statistics

General Stats
  • This quiz has been taken 5,289 times
  • The average score is 58 of 196
Answer Stats
Rank Area (km2) Distance (km) Bearing Country % Correct
1 17.09 m --- --- Russia . C
100%
2 9.98 m 7,180 261˚ ← Canada . C
98%
3 9.64 m 10,477 267˚ ← China . U..
97%
4 9.52 m 11,171 90˚ → United States . B
96%
5 8.51 m 6,768 153˚ ↓ Brazil . A
95%
6 7.69 m 14,075 262˚ ← Australia . I
94%
7 3.16 m 10,339 313˚ ←↑ India . A
92%
8 2.78 m 15,796 243˚ ← Argentina . K
90%
9 2.72 m 15,629 53˚ →↑ Kazakhstan . A
86%
10 2.38 m 5,503 253˚ ← Algeria . D..
84%
11 2.34 m 4,723 164˚ ↓ Democratic Republic of the Congo . S..
82%
14 1.9 m 16,860 260˚ ← Indonesia . S
77%
13 1.96 m 13,890 267˚ ← Mexico . I
77%
12 2.14 m 4,675 46˚ →↑ Saudi Arabia . M
76%
15 1.88 m 8,534 286˚ ← Sudan . L
74%
16 1.75 m 2,736 314˚ ←↑ Libya . I
73%
17 1.64 m 3,512 84˚ → Iran . M
72%
18 1.56 m 4,695 73˚ → Mongolia . P
71%
19 1.28 m 16,011 110˚ → Peru . C
70%
20 1.28 m 10,514 75˚ → Chad . N
69%
21 1.26 m 1,412 276˚ ← Niger . A
69%
22 1.24 m 2,760 153˚ ↓ Angola . M
67%
23 1.24 m 3,340 315˚ ↑← Mali . S..
67%
24 1.22 m 5,781 137˚ ↓→ South Africa . C
66%
25 1.14 m 11,466 287˚ ← Colombia . E
65%
27 1.09 m 11,805 254˚ ← Bolivia . M
64%
26 1.1 m 12,431 87˚ → Ethiopia . B
64%
29 1 m 4,945 74˚ → Egypt . T
62%
28 1.03 m 6,774 52˚ →↑ Mauritania . E
62%
31 923 k 3,557 298˚ ← Nigeria . V
61%
30 945 k 4,038 173˚ ↓ Tanzania . N
61%
32 916 k 8,141 271˚ ← Venezuela . P
61%
33 881 k 13,542 79˚ → Pakistan . N
60%
34 825 k 8,598 223˚ ↓← Namibia . M
59%
35 801 k 1,617 103˚ → Mozambique . T
58%
36 783 k 7,293 0˚ ↑ Turkey . C
58%
37 756 k 13,358 232˚ ←↓ Chile . Z
57%
38 752 k 9,884 78˚ → Zambia . B
57%
41 640 k 5,594 286˚ ← France . S
50%
40 652 k 3,118 301˚ ←↑ Afghanistan . F
47%
39 676 k 8,379 62˚ → Burma . A
47%
42 637 k 6,605 141˚ ↓→ Somalia . C..
46%
45 603 k 5,055 358˚ ↑ Ukraine . M
46%
43 622 k 2,988 274˚ ← Central African Republic . S..
44%
46 587 k 7,863 167˚ ↓ Madagascar . B
43%
44 619 k 1,446 87˚ → South Sudan . U
43%
47 582 k 2,322 254˚ ← Botswana . K
42%
48 580 k 2,839 24˚ ↑ Kenya . Y
42%
50 513 k 6,052 91˚ → Thailand . S
42%
49 527 k 2,011 23˚ ↑ Yemen . T
42%
51 505 k 10,195 286˚ ← Spain . T
41%
52 488 k 5,258 92˚ → Turkmenistan . C
40%
53 475 k 6,066 231˚ ←↓ Cameroon . P..
37%
55 450 k 13,041 302˚ ←↑ Sweden . U
36%
56 447 k 4,025 119˚ → Uzbekistan . M
36%
62 357 k 8,937 280˚ ← Germany . P
35%
54 462 k 15,099 95˚ → Papua New Guinea . S
35%
58 438 k 4,700 90˚ → Iraq . P
34%
61 377 k 12,810 62˚ → Japan . G
34%
57 446 k 6,544 263˚ ← Morocco . I
34%
60 390 k 9,058 84˚ → Zimbabwe . J
34%
59 406 k 12,573 238˚ ←↓ Paraguay . Z
33%
63 342 k 9,877 113˚ → Philippines . R..
32%
65 338 k 7,194 6˚ ↑ Finland . V
31%
66 331 k 7,501 123˚ →↓ Vietnam . M
31%
67 330 k 2,029 192˚ ↓ Malaysia . N
30%
68 323 k 9,758 308˚ ←↑ Norway . C..
30%
64 342 k 11,826 259˚ ← Republic of the Congo . F
30%
72 301 k 4,700 295˚ ← Italy . E
28%
71 309 k 4,494 134˚ →↓ Oman . I
28%
70 312 k 5,578 25˚ ↑ Poland . O
28%
196 0.44 459 116˚ → Vatican City . ..
28%
73 276 k 10,114 242˚ ← Ecuador . B..
27%
74 272 k 8,609 80˚ → Burkina Faso . N..
26%
69 322 k 6,043 193˚ ↓ Côte d'Ivoire . P
26%
78 242 k 4,815 14˚ ↑ United Kingdom . U
26%
76 267 k 15,242 285˚ ← Gabon . G
25%
75 270 k 16,779 108˚ → New Zealand . G
25%
79 241 k 6,449 151˚ ↓ Uganda . G
25%
80 238 k 3,688 279˚ ← Ghana . R
24%
77 245 k 2,754 291˚ ← Guinea . U..
24%
82 236 k 7,570 112˚ → Laos . G
24%
81 238 k 5,012 30˚ ↑ Romania . L
24%
83 214 k 16,554 265˚ ← Guyana . B
23%
195 2.02 14,810 287˚ ← Monaco . V..
23%
84 207 k 9,120 56˚ →↑ Belarus . K
22%
85 199 k 3,615 109˚ → Kyrgyzstan . S
21%
194 21 1,621 303˚ ←↑ Nauru . M
20%
86 196 k 9,076 250˚ ← Senegal . S
20%
88 181 k 7,334 109˚ → Cambodia . U
19%
90 163 k 4,513 1˚ ↑ Suriname . T
19%
87 185 k 5,775 68˚ → Syria . C
19%
89 181 k 16,798 253˚ ← Uruguay . S
19%
92 147 k 7,639 100˚ → Bangladesh . N
18%
94 143 k 1,950 308˚ ←↑ Tajikistan . G
18%
91 163 k 7,432 62˚ → Tunisia . B
18%
95 131 k 3,904 269˚ ← Greece . N
17%
93 147 k 675 311˚ ←↑ Nepal . T
17%
96 130 k 10,876 255˚ ← Nicaragua . N..
17%
97 120 k 13,445 281˚ ← North Korea . M
17%
100 112 k 4,083 256˚ ← Benin . H
16%
103 110 k 5,243 39˚ ↑→ Bulgaria . C
16%
99 117 k 3,290 9˚ ↑ Eritrea . B
16%
101 112 k 9,823 274˚ ← Honduras . L
16%
102 111 k 8,386 95˚ → Liberia . B
16%
98 118 k 11,144 238˚ ←↓ Malawi . E
16%
193 26 15,876 109˚ → Tuvalu . N
16%
113 83 k 2,787 288˚ ← Austria . U..
15%
112 86 k 2,450 101˚ → Azerbaijan . A
15%
104 109 k 9,492 257˚ ← Cuba . G
15%
105 108 k 1,271 222˚ ↓← Guatemala . I
15%
108 93 k 8,189 277˚ ← Hungary . P
15%
106 103 k 7,517 44˚ ↑→ Iceland . S..
15%
110 89 k 4,124 100˚ → Jordan . S
15%
109 92 k 2,474 246˚ ← Portugal . J
15%
192 61 423 147˚ ↓→ San Marino . T
15%
111 88 k 1,958 316˚ ↑← Serbia . A
15%
107 100 k 8,402 106˚ → South Korea . H
15%
114 83 k 4,240 128˚ →↓ United Arab Emirates . C..
15%
115 78 k 4,456 309˚ ←↑ Czech Republic . P
14%
118 70 k 5,013 7˚ ↑ Ireland . G
14%
116 75 k 9,527 242˚ ← Panama . S..
14%
125 51 k 288 139˚ ↓→ Bosnia and Herzegovina . C..
13%
124 56 k 4,621 17˚ ↑ Croatia . B..
13%
130 43 k 839 240˚ ← Denmark . N
13%
128 48 k 8,287 247˚ ← Dominican Republic . E
13%
119 69 k 3,962 108˚ → Georgia . S..
13%
122 64 k 261 343˚ ↑ Latvia . T
13%
191 160 13,737 286˚ ← Liechtenstein . S..
13%
121 65 k 7,163 317˚ ↑← Lithuania . L
13%
131 41 k 622 233˚ ←↓ Netherlands . S
13%
117 71 k 7,283 90˚ → Sierra Leone . I
13%
127 49 k 10,011 65˚ → Slovakia . D..
13%
120 65 k 5,172 138˚ ↓→ Sri Lanka . L
13%
123 56 k 5,981 199˚ ↓ Togo . C
13%
133 38 k 7,265 106˚ → Bhutan . T
12%
126 51 k 10,231 249˚ ← Costa Rica . S
12%
129 45 k 8,517 59˚ →↑ Estonia . D
12%
135 36 k 13,831 264˚ ← Guinea-Bissau . M
12%
138 30 k 9,167 165˚ ↓ Lesotho . A
12%
181 459 12,720 106˚ → Palau . S
12%
140 28 k 12,839 114˚ → Solomon Islands . A
12%
132 41 k 631 163˚ ↓ Switzerland . B
12%
134 36 k 3,188 94˚ → Taiwan . G
12%
141 28 k 14,750 291˚ ← Albania . E..
11%
180 468 6,725 62˚ → Andorra . P
11%
139 29 k 7,893 12˚ ↑ Armenia . S..
11%
137 30 k 1,836 283˚ ← Belgium . L
11%
143 27 k 2,421 109˚ → Burundi . H
11%
142 28 k 4,305 194˚ ↓ Equatorial Guinea . B
11%
152 18 k 16,576 113˚ → Fiji . K
11%
144 27 k 11,370 282˚ ← Haiti . R
11%
136 33 k 5,689 47˚ →↑ Moldova . B
11%
145 26 k 11,393 101˚ → Rwanda . M
11%
183 442 13,069 280˚ ← Antigua and Barbuda . B
10%
156 13 k 16,983 77˚ → Bahamas . M
10%
184 430 504 151˚ ↓ Barbados . S..
10%
148 22 k 13,851 272˚ ← Belize . E..
10%
147 23 k 3,976 147˚ ↓→ Djibouti . B
10%
186 344 134 204˚ ↓ Grenada . M
10%
153 17 k 14,867 290˚ ← Kuwait . S
10%
169 2,586 16,031 68˚ → Luxembourg . M
10%
146 25 k 4,944 349˚ ↑ Macedonia . D
10%
159 11 k 13,485 290˚ ← Qatar . G
10%
179 616 15,122 87˚ → Saint Lucia . A
10%
185 389 174 272˚ ← Saint Vincent and the Grenadines . G
10%
182 452 8,894 261˚ ← Seychelles . A..
10%
177 710 9,128 285˚ ← Singapore . F..
10%
176 747 13,049 251˚ ← Tonga . S
10%
158 12 k 16,008 113˚ → Vanuatu . Q
10%
165 5,765 8,933 111˚ → Brunei . T..
9%
167 4,033 4,148 83˚ → Cape Verde . S
9%
171 1,862 1,787 301˚ ←↑ Comoros . S..
9%
164 9,251 241 306˚ ←↑ Cyprus . B
9%
175 751 11,353 264˚ ← Dominica . T
9%
155 14 k 10,036 78˚ → East Timor . B
9%
149 21 k 396 186˚ ↓ El Salvador . I
9%
178 702 6,058 84˚ → Federated States of Micronesia . S..
9%
160 11 k 7,203 259˚ ← Gambia . J
9%
150 20 k 12,248 80˚ → Israel . S
9%
161 10 k 6,447 274˚ ← Jamaica . K
9%
173 811 18,495 89˚ → Kiribati . B
9%
162 10 k 9,302 73˚ → Kosovo . L
9%
163 10 k 1,584 128˚ →↓ Lebanon . C
9%
187 316 8,004 70˚ → Malta . M
9%
190 181 13,498 265˚ ← Marshall Islands . L
9%
170 2,040 9,237 146˚ ↓→ Mauritius . C
9%
157 13 k 8,683 77˚ → Montenegro . V
9%
189 261 14,666 275˚ ← Saint Kitts and Nevis . M..
9%
168 2,842 16,612 258˚ ← Samoa . L
9%
172 964 4,251 288˚ ← São Tomé and Príncipe . K
9%
151 20 k 2,382 311˚ ←↑ Slovenia . F
9%
154 17 k 6,419 196˚ ↓ Swaziland . E..
9%
166 5,130 18,235 271˚ ← Trinidad and Tobago . C..
9%
174 765 13,139 281˚ ← Bahrain . D
8%
188 300 6,970 120˚ → Maldives . S..
8%
No matching quizzes found
Score Distribution
Percent of People with Each Score
Percentile by Number Answered
Your Score History
You have not taken this quiz